| 000 | 00405nam a2200157Ia 4500 | ||
|---|---|---|---|
| 003 | OSt | ||
| 005 | 20231220063743.0 | ||
| 008 | 170524s9999 xx 000 0 und d | ||
| 020 | _a9788126124336 | ||
| 040 | _cIIMT UNIVERSITY, MEERUT | ||
| 100 | _aKundra shipra | ||
| 245 | 0 | _aFUNDAMENTALS OF MASS MEDIA OF COMMUNICATION | |
| 260 |
_bNew Delhi: Anmol _aNEW DELHI _c2005 |
||
| 300 | _a328 | ||
| 942 |
_2ddc _c02 |
||
| 999 |
_c9018 _d9018 |
||